00925nam a2200229 a 450000100100000000500170001000800410002702000150006804000250008308200130010810000270012124500590014826001150020730000210032249000170034350400310036050000410039183000240043295201110045695201110056799900170067800004259620201002040248.0140130s1998 sp 000 0 spa d a8400077407 aDO-SdBNPbspacBNPHU axxxbxxx1 aGagnon, Alain-G96984610aQuebec y el federalismo canadiense. /cAlain-G Gagnon. aMadrid, :bConsejo Superior de Investigaciones CientíficasbInstituto de Estudios Sociales Avanzados,c1998. a263 p. ;c24 cm.1 aPoliteyav12 aBibliografías p: 245-263 aIncluye referencias bibliografícas 0aPoliteyav12967596 001050718MOaGRbGRcCTd2014-01-30iLF1l0oxxx xxxp42596-10r2020-06-25w2020-06-25y1ZNo se presta 001050718MOaPDbPDcHDd2014-01-30iLF1l0oxxx xxxp42597-10r2020-06-25w2020-06-25y1ZNo se presta c42085d42085